000 00707nam a2200193 4500
001 111077
003 ES-MaACL
005 20250809044417.0
007 t|
008 061121s1973 sp r ||||1| spa d
100 1 _aOjeda Avilés, Antonio.
_986611
245 1 4 _aLos trabajadores temporales
_b: (problemas jurídicos en eventuales, interinos y temporeros en derecho español) /
_cAntonio Ojeda Avilés.
260 _aSevilla :
_bUniversidad,
_c1973.
300 _aXIX, 301 p. ;
_c25 cm.
490 1 _aAnales universidad hispalense : serie derecho ;
_vnº 17
830 0 _aAnales Universidad Hispalense. Derecho
_vnº 17
_9182989
852 _aES-MaACL
_jC-55914
_bR.88673
999 _c111077
_d111077